[Event "Campeonato Argentino Superior 2008"]
[Site "La Plata ARG"]
[Date "2008.08.06"]
[Round "7.2"]
[White "Orsini, Antonio"]
[Black "Felgaer, Ruben"]
[Result "0-1"]
[WhiteElo "2341"]
[BlackElo "2566"]
[PlyCount "88"]
[EventDate "2008.07.30"]
[EventType "tourn"]
[EventRounds "11"]
[EventCountry "ARG"]
[EventCategory "9"]
[Source "lmi"]
[SourceDate "2008.07.30"]

1. e4 c5 2. Nf3 Nc6 3. d4 cxd4 4. Nxd4 Nf6 5. Nc3 e5 6. Ndb5 d6 7. Bg5 a6 8.
Na3 b5 9. Nd5 Be7 10. Bxf6 Bxf6 11. c4 b4 12. Nc2 a5 13. g3 O-O 14. Bg2 Be6 15.
O-O Bg5 16. Qd3 Ne7 17. Nde3 Bxe3 18. Nxe3 Qc7 19. Rac1 Rfd8 20. Kh1 a4 21. f4
f6 22. Nd5 Qb7 23. Nxe7+ Qxe7 24. Rfd1 Qc7 25. f5 Bf7 26. Bf3 Kf8 27. g4 Qc5
28. Rd2 Ke7 29. Kg2 Rdb8 30. Be2 b3 31. a3 Rc8 32. Rc3 Ra6 33. Rd1 Rac6 34.
Rdc1 Qd4 35. Bf1 g6 36. Qe2 gxf5 37. exf5 h5 38. h3 hxg4 39. hxg4 Rg8 40. Rg3
Bd5+ 41. Kh2 Rh8+ 42. Bh3 Rxc4 43. Rxc4 Bxc4 44. Qg2 Bd5 0-1

[Event "Campeonato Argentino Superior 2008"]
[Site "La Plata ARG"]
[Date "2008.08.11"]
[Round "11.2"]
[White "Pierrot, Facundo"]
[Black "Orsini, Antonio"]
[Result "1/2-1/2"]
[WhiteElo "2421"]
[BlackElo "2341"]
[PlyCount "50"]
[EventDate "2008.07.30"]
[EventType "tourn"]
[EventRounds "11"]
[EventCountry "ARG"]
[EventCategory "9"]
[Source "lmi"]
[SourceDate "2008.07.30"]

1. e4 e6 2. d4 d5 3. Nd2 c5 4. exd5 Qxd5 5. Ngf3 cxd4 6. Bc4 Qd6 7. O-O Nf6 8.
Nb3 Nc6 9. Nbxd4 Nxd4 10. Qxd4 Bd7 11. Be3 Qxd4 12. Bxd4 Rc8 13. Bb3 Bc5 14.
Rad1 Ke7 15. Ne5 Rhd8 16. Nxd7 Bxd4 17. Rxd4 Rxd7 18. Rfd1 g5 19. f3 h5 20. c3
h4 21. Kf2 Rcd8 22. Rxd7+ Rxd7 23. Rxd7+ Nxd7 24. g3 hxg3+ 25. hxg3 f5 1/2-1/2

[Event "Campeonato Argentino Superior 2008"]
[Site "La Plata ARG"]
[Date "2008.08.11"]
[Round "11.5"]
[White "Flores, Diego"]
[Black "Lemos, Damian"]
[Result "1-0"]
[WhiteElo "2553"]
[BlackElo "2479"]
[PlyCount "113"]
[EventDate "2008.07.30"]
[EventType "tourn"]
[EventRounds "11"]
[EventCountry "ARG"]
[EventCategory "9"]
[Source "lmi"]
[SourceDate "2008.07.30"]

1. d4 g6 2. Nf3 Bg7 3. c4 Nf6 4. Bg5 O-O 5. Nc3 c5 6. e3 d6 7. d5 b5 8. cxb5 a6
9. a4 h6 10. Bh4 Qa5 11. Nd2 Qb4 12. Bxf6 Bxf6 13. Ra3 axb5 14. Rb3 Qa5 15.
Bxb5 Na6 16. Nc4 Qc7 17. O-O Nb4 18. Qd2 Bg7 19. Rc1 Bb7 20. e4 Rad8 21. Ne2 e6
22. Nf4 Qe7 23. Re1 Kh7 24. Nd3 Nxd3 25. Rxd3 f5 26. exf5 Rxf5 27. Rxe6 Qf8 28.
Na5 Bc8 29. Re2 Qf6 30. Nc6 Rf8 31. a5 Rh5 32. a6 c4 33. Rde3 Qh4 34. h3 Rg5
35. a7 Bd7 36. Nb8 Bxb5 37. a8=Q c3 38. bxc3 Bc4 39. Re4 Rxf2 40. Rxf2 Qxe4 41.
Nd7 Bxd5 42. Nf8+ Kg8 43. Qd8 Rxg2+ 44. Rxg2 Qb1+ 45. Kf2 Qf5+ 46. Ke1 Qb1+ 47.
Kf2 Qf5+ 48. Ke1 Qb1+ 49. Qd1 Bxc3+ 50. Kf2 Qb2+ 51. Ke3 Qxg2 52. Nxg6+ Kg7 53.
Qe7+ Kg8 54. Qe8+ Kh7 55. Nf8+ Kh8 56. Ne6+ Kh7 57. Qd3+ 1-0

[Event "Campeonato Argentino Superior 2008"]
[Site "La Plata ARG"]
[Date "2008.08.11"]
[Round "11.6"]
[White "Tristan, Leonardo"]
[Black "Ricardi, Pablo"]
[Result "1/2-1/2"]
[WhiteElo "2366"]
[BlackElo "2515"]
[PlyCount "44"]
[EventDate "2008.07.30"]
[EventType "tourn"]
[EventRounds "11"]
[EventCountry "ARG"]
[EventCategory "9"]
[Source "lmi"]
[SourceDate "2008.07.30"]

1. e4 c5 2. Nf3 Nc6 3. d4 cxd4 4. Nxd4 Nf6 5. Nc3 e5 6. Ndb5 d6 7. Bg5 a6 8.
Na3 b5 9. Bxf6 gxf6 10. Nd5 f5 11. exf5 Bxf5 12. c3 Bg7 13. Nc2 O-O 14. Nce3
Be4 15. Bd3 Bxd5 16. Nxd5 e4 17. Bc2 Kh8 18. O-O f5 19. f3 Be5 20. g3 Ra7 21.
fxe4 Rg7 22. Nf4 Rfg8 1/2-1/2